000 00936cad a22002295a 4500
001 E150194
008 100611s2010 xxk f 000 0 eng d
035 _a(Sirsi) u150194
041 0 _aeng
110 2 _aScott Wilson
_93676
245 0 0 _aDwelling size survey
_h[electronic resource]
260 _a[S.l.]
_bCABE
_c2010
490 0 _aHousing Standards Evidence and Research
520 _aProvides an analysis of the amount and type of space being provided in a range of standard dwelling types in England. Includes information on the habitable area, as well as an analysis by tenure type.
521 _aAdvanced
590 _aKA
651 4 _aEngland
_y886-
690 _aBUILT ENVIRONMENT-BUILDING STANDARDS
690 _aPROPERTY-RESIDENTIAL PROPERTY-DOMESTIC RESIDENTIAL PROPERTY-HOUSING
856 4 0 _uhttps://www.cabe.org.uk/publications/housing-standards
_zView the report free of charge at www.cabe.org.uk
942 _n0
999 _c110786
_d110786